| 000 | 01068nam a2200301Ia 4500 | ||
|---|---|---|---|
| 003 | OSt | ||
| 005 | 20250808115211.0 | ||
| 008 | 210210b2009 xxu||||| |||| 00| 0 eng d | ||
| 040 | _cAL | ||
| 041 | _aKannada | ||
| 082 | _aK894.109 MORV | ||
| 100 |
_aMORAS RONALD (J) _9182696 _dಮೊರಾಸ್ ರೊನಾಲ್ಡ್ (ಜೆ) | |
||
| 245 |
_aVideo kavana endare: N Bhavani Shankarravara video kavanagala vishleshane _bವಿಡಿಯೋ ಕವನ ಎಂದರೆ : ಎನ್ ಭವಾನಿ ಶಂಕರರವರ ವಿಡಿಯೋ ಕವನಗಳ ವಿಶ್ಲೇಷಣೆ |
||
| 260 |
_aUdupi _b- _c2009 |
||
| 300 | _avi,73 | ||
| 650 |
_avishleshane _9182697 |
||
| 650 |
_aVidiyo _9182698 |
||
| 650 |
_aShankarravara _9182699 |
||
| 650 |
_akavanagala _9182700 |
||
| 650 |
_akavana _9182701 |
||
| 650 |
_aendare: _9182702 |
||
| 650 |
_aEn _9182703 |
||
| 650 |
_aBhavani _9182704 |
||
| 690 |
_aKannada Poetry Criticism _9182705 |
||
| 700 |
_aSHRIDHARA HEGADE _9182706 _dಶ್ರೀಧರ ಹೆಗಡೆ Ed |
||
| 906 | _a064289 | ||
| 942 |
_2ddc _cBK |
||
| 999 |
_c140421 _d140421 |
||